| 000 | 00683nam a2200205 u 4500 | ||
|---|---|---|---|
| 005 | 20240508064305.0 | ||
| 008 | 080804s2004 cl r 000 0 eng d | ||
| 020 | _a9806437543 | ||
| 035 | _aUPN01000158932 | ||
| 049 | _aI | ||
| 050 | 4 |
_aQC981.3 _bJ4.3 |
|
| 100 | 1 |
_aJeneusse, Albin Michel _931022 |
|
| 245 | 1 | 3 |
_aEl clima y las estaciones / _cAlbin Michel Jeneusse ; tr. Mónica Bergna. |
| 260 |
_aBogotá : _bPlayco, _cc2004. |
||
| 300 |
_a75 p. : _bil. col. |
||
| 440 | 0 |
_aCiencia de bolsillo ; _v14. _pLos pequeños científicos : 8-12 años |
|
| 650 | 4 |
_aCLIMA - _vLITERATURA JUVENIL _912491 |
|
| 650 | 4 |
_aEstaciones del año _vLiteratura infantil _924633 |
|
| 905 | _aInfantil | ||
| 999 |
_c131046 _d131046 |
||